The sub/urban idea : From terraced houses to residential estates /
Salvato in:
| Autore principale: | |
|---|---|
| Natura: | Libro |
| Lingua: | inglese |
| Pubblicazione: |
Salenstein,
Braun Publishing :
2017
|
| Edizione: | 1. vydanie |
| Soggetti: | |
| Tags: |
Nessun Tag, puoi essere il primo ad aggiungerne!!
|
MARC
| LEADER | 00000nam a22000003a 4500 | ||
|---|---|---|---|
| 001 | 0023500 | ||
| 003 | SK-STU | ||
| 005 | 20170424122838.7 | ||
| 007 | ta | ||
| 008 | 170424s ----xo-----e------000-0-----d | ||
| 020 | |a 978-3-03768-214-2 | ||
| 040 | |a STU |b slo | ||
| 041 | 0 | |a eng | |
| 044 | |a sz | ||
| 100 | 1 | |a Baker, Lisa |4 aut |r Z6 | |
| 245 | 1 | 0 | |a The sub/urban idea : |b From terraced houses to residential estates / |c aut. Lisa Baker |
| 250 | |a 1. vydanie | ||
| 260 | |b Braun Publishing : |a Salenstein, |c 2017 | ||
| 300 | |a 269 s. | ||
| 650 | 0 | 7 | |a typológia budov |
| 650 | 0 | 7 | |a obytné budovy |
| 650 | 0 | 7 | |a buildings - types |
| 650 | 0 | 7 | |a residential buildings |
| 650 | 0 | 7 | |a footprint |
| 650 | 0 | 7 | |a bytové domy |
| 650 | 0 | 7 | |a rodinné domy |
| 996 | |b 284AU06986 |c A* 10120/U |l AAKNST |s P |a 0 |w 0023500_0001 | ||